De buenas a primeras / (Record no. 21194)

MARC details
000 -LEADER
campo de control de longitud fija 00607nam a2200217 i 4500
001 - NÚMERO DE CONTROL
campo de control 21194
003 - IDENTIFICADOR DE NÚMERO DE CONTROL
campo de control ES-MaACL
007 - CAMPO FIJO DE DESCRIPCIÓN FÍSICA--INFORMACIÓN GENERAL
campo de control de longitud fija t|
008 - DATOS DE LONGITUD FIJA--INFORMACIÓN GENERAL
campo de control de longitud fija 021122s1982 sp ||||1| spa d
100 1# - ENTRADA PRINCIPAL--NOMBRE DE PERSONA
Nombre de persona Albandoz, Roberto.
9 (RLIN) 19224
245 10 - MENCIÓN DEL TÍTULO
Título De buenas a primeras /
Mención de responsabilidad, etc. Roberto Albandoz.
260 ## - PUBLICACIÓN, DISTRIBUCIÓN, ETC.
Lugar de publicación, distribución, etc. Algeciras :
Nombre del editor, distribuidor, etc. Bahía,
Fecha de publicación, distribución, etc. [1982]
300 ## - DESCRIPCIÓN FÍSICA
Extensión 65 p. ;
Dimensiones 21 cm.
490 1# - MENCIÓN DE SERIE
Mención de serie Bahía ;
Designación de volumen o secuencia 15
500 ## - NOTA GENERAL
Nota general Premio Bahía 1982.
830 0# - PUNTO DE ACCESO ADICIONAL DE SERIE-TÍTULO UNIFORME
Título uniforme Colección "Bahía" ;
Designación de volumen o secuencia 15
9 (RLIN) 181016
852 ## - LOCALIZACIÓN
Ubicación ES-MaACL
Número de control de estantería L-3475
Sublocalización o colección R.104357
852 ## - LOCALIZACIÓN
Ubicación ES-MaACL
Número de control de estantería L-3719
Sublocalización o colección R.104544
942 ## - ELEMENTOS DE ENTRADA SECUNDARIOS (KOHA)
Fuente del sistema de clasificación o colocación Clasificación decimal universal
Holdings
Estatus retirado Estado de pérdida Estado de daño No para préstamo Biblioteca de origen Biblioteca actual Ubicación en estantería Fecha de adquisición Fuente de adquisición Total de préstamos Signatura topográfica completa Código de barras Visto por última vez Precio de reemplazo Tipo de ítem Koha
        Biblioteca del Ateneo de Madrid Biblioteca del Ateneo de Madrid Depósito 2 17/01/2008     L-3719 1021770 23/02/2023 23/02/2023 Libro impreso
        Biblioteca del Ateneo de Madrid Biblioteca del Ateneo de Madrid Depósito 2 17/01/2008     L-3475 1021769 23/02/2023 23/02/2023 Libro impreso